000 00620nam a2200241Ia 4500
003 OSt
005 20220924114244.0
006 a|||||r|||| 00| 0
007 ta
008 220923b |||||||| |||| 00| 0 urd d
020 _c7.50
024 _a316165
037 _cTextual
040 _aARTS
_cARTS
_burd
041 _2urd
_aurd
082 _aO168,1NHU1x, K2
100 _aPuran Singh
245 0 _aJaam-o-sindan
260 _aAmritsar
_bAnjuman Taraqqi Urdu India
_c1962
650 _aURDU POETRY
942 _hO168,1NHU1x, K2
_cTEXL
_2CC
999 _c392716
_d392716